Carrière du footballeur (difficile) - Statistiques

Statistiques générales
  • Ce quiz a été pris 411 fois
  • Le résultat moyen est 10 sur 23
Statistiques - réponses
Mateo Kovacic

Année
🇭🇷

Club
% Correct
2018-2019 Chelsea
94%
2019-2023 Chelsea
94%
2023- Manchester City
88%
2015-2019 Real Madrid
87%
2009-2014 Ajax Amsterdam
73%
2007-2008 Ajax Amsterdam
73%
2010-2013 Dinamo Zagreb
68%
1998-2004 Juventus FC
66%
1996-1998 AC Milan
64%
2013-2015 Inter Milan
60%
2004-2005 Inter Milan
60%
1992-1994 Olympique de Marseille
54%
1994-1996 Bayer Leverkusen
32%
2003-2004 FC Barcelone
22%
1982-1987 Werder Brême
21%
2005-2007 Tottenham Hotspur
19%
1987-1992 AS Rome
10%
1980-1982 1860 Munich
4%
2012-2013 Barnet FC
4%
2010 Crystal Palace
4%
1977-1980 Kickers Offenbach
3%
Edgar Davids Année 🇳🇱 Club
0%
Rudi Völler Année 🇩🇪 Club
0%
Aucun quiz correspondant
Distribution des résultats
% des personnes avec chaque résultat
Percentile par nombre de réponses
Votre historique - résultats
Vous n’avez pas pris ce quiz